000 00497nam a2200181Ia 4500
005 20250326143600.0
008 250326s9999 xx 000 0 und d
020 _a81-7188-460-1
037 _aTextbook
040 _aFMSL
_beng
_cFMSL
041 _aeng
_2eng
084 _aX.1t4 P4
_qFMSL
245 0 _aWorld economic and social survey 2004
260 _aNew Delhi
_bNew Delhi, Academic Foundation
_c2005
300 _a240p
942 _cTB
_hX.1t4 P4
999 _c1300157
_d1300157